01357nam a2200277 a 450000100100000000500170001000800410002704000250006808200180009310000370011124500850014825000120023326000930024530000270033850000620036559000270042765000190045465000200047370000390049391000360053295201300056895201300069895201150082895201210094399900150106400000818720200929154456.0090915s1985 dr 000 0 spa d aDO-SdBNPbspacBNPHU a808.51bR696a1 aRodríguez, Víctor Ml.92222313aEl abc de la oratoria /cVíctor Ml. Rodríguez ; prólogo Nicolás Guevara. a2a. ed. aSanto Domingo. :bEscuela Taller de Artes Gráficas y Comunicación Popular,c[1985?]. a87 p. :bil. ;c21 cm. aIncluye datos biográficos del autor en la contraportada aInventariado, 2018/ YL 4aOratoria91172 4aDiscursos9658412aGuevara, Nicolásepról.922224 aValidado. Contol de calidad MFF 001054708DSaGRbGRcHDd2009-09-15iLF1l0o808.51 R696ap8187-30r2020-06-25te. 3w2020-06-25yLFDSZPréstamo en sala 001054708DSaGRbGRcHDd2013-07-03iLF1l0o808.51 R696ap8187-40r2020-06-25te. 4w2020-06-25yLFDSZPréstamo en sala 0010718PDaPDbPDcHDd2009-09-15iLF1l0o808.51 R696ap8187-10r2020-06-25w2020-06-25yLFPDZNo se presta 0010718PDaPDbPDcHDd2009-09-15iLF1l0o808.51 R696ap8187-20r2020-06-25te. 2w2020-06-25yLFPDZNo se presta c7962d7962